000 00729nab a2200181Ia 4500
003 ES-SlBCS
005 20210601134133.0
008 140529s2007 xxu||||| |||| 00| 0 por d
041 _apor
100 1 _aPezzatim, Joao Pedro
_9214072
245 0 0 _aMemórias de diretores: entre práticas e histórias do cotidiano escolar
_cPEZZATIM Joao Pedro , Joyce Mary Adam Paula E Silva , Magali de Fátima Dias Borges, Maria Isabel Nogueira Tuppy
650 0 4 _aMemoria
_988594
700 1 _aDias Borges, Magali de Fátima
_9214073
700 1 _aNogueira Tuppy, Maria Isabel
_9214074
700 1 _aPaula e Silva, Joyce Mary Adam
_9214075
773 0 _tEducaçao e Filosofia
_gvol. 21, nº. 41, 2007, págs. 135-154
_wRev1534
942 _cAR
999 _c607682
_d607682